00416 2200157 4500001002100000008004100021035002000062245003900082100002600121260002700147300001700174082001000191650003100201990001300232990001300245INLIS000000000000689 ind  a0010-0423000689 aDONGENG PENGANTAR TIDUR TIMUN EMAS aYUDHISTIRA IKRANEGARA aSURABAYAbCV DUA MEDIA a32 hlm.ccm. a398.5 aBUKU-BUKU DONGENG , BALADA a102559-2 a102559-1